Quiz sulla città di Bergamo - Statistics

Statistiche generali
  • Questo quiz è stato fatto 495 volte
    493 dall'ultimo reset
  • Il punteggio medio è 10 su 19
Statistiche sulle risposte
Descrizione Risposta % Corretto
Regione italiana di Bergamo Lombardia
98%
Squadra di calcio che gioca in Serie A Atalanta B.C.
91%
Quest'aeroporto si trova sul territorio di quel comune Orio al {Serio}
88%
Soppranome di questa squadra La {Dea}
77%
Piatto tipico a base di mais Polenta
68%
Nome dell'aeroporto di Bergamo Il {Caravaggio}
65%
La porta San Giacomo all'entrata della città alta è stata costruita con questo materiale Marmo bianco
60%
Soppranome il più famoso di Bergamo Città dei {Mille}
59%
Le Alpi Bergamasche vengono anche chiamate... Alpi {Orobie}
57%
Famosa galleria d'arte Accademia {Carrara}
53%
Maschere bergamasche della Commedia dell'arte Arlecchino
49%
Piazza principale della città alta Piazza {Vecchia}
47%
Corpo militare garibaldino che liberò Bergamo nel 1859 Cacciatori delle {Alpi}
38%
Compositore bergamasco che a reso popolare lo stile belcanto Gaetano Donizetti
34%
Maschera bergamasca famosa per avere tre gozzi Gioppino
32%
Nome latino della città Bergomum
30%
Maschere bergamasche della Commedia dell'arte Brighella
16%
Compositore francese della famosa Suite bergamasque Claude Debussy
13%
Pittore bergamasco di opere ostentate dello stile rococo Fra Galgario
2%
Nessun quiz corrispondente trovato
Distribuzione punteggi
Percentuale di utenti per punteggio
Percentile per numero di risposta
I tuoi punteggi nel tempo
Non hai fatto questo quiz dall'ultimo reset